1205 1957 1609 1752 1889 1989 1814 1083 1380 1115 1565 1164 1469 1058 1791 1643 1764 1493 1153 1263 1140 1938 1492 1956 1422 1765 1043 1927 1031 1465 1870 1819 1708 1005 1556 1902 1520 1649 1861 1884 1675 1269 1577 1230 1180 1430 1804 1684 1560 1372 1959 1811 1112 1489 1063 1256 1021 1457 1722 1207 1383 1953 1887 1698 1326 1561 1343 1762 1832 1429 1624 1634 1211 1243 1778 1835 1088 1348 1423 1420 1116 1032 1353 1916 1045 1079 1029 1314 1804 1173 1008 1743 1795 1070 1138 1967 1472 1714 1794 BCNSPRNW ULIB Ver.6.0+V

เปลี่ยนเป็นภาษาไทย

Change to English
 แสดงรายละเอียดบรรณานุกรม
  กลับหน้าหลัก

Brief Record : Get Marc (ISO 2709) : E-mail record : QR code < ปิดหน้าต่าง
LEADER : 00000nam 2200000uu 4500
001    13399110515
003     ULIB
008    110602s2543||||th 000 0 tha d
020    9747634007
060 04 WP870^bม473ม 2543
245 00 มะเร็งเต้านม =^bBreast cancer /^cสุรพงษ์ สุภาภรณ์ ...[และคนอื่นๆ], บรรณาธิการ
246 31 Breast cancer
250    พิมพ์ครั้งที่ 2
260    กรุงเทพฯ :^bโรงพยาบาลพระมงกุฎเกล้า,^c2543
300    456 หน้า :^bภาพประกอบ ;^c27 ซม.
650  7 เต้านม, เนื้องอก
700 0  สุรพงษ์ สุภาภรณ์,^eบรรณาธิการ
945    ^p300^l0^i020785
945    ^p300^l0^i020784
945    ^p300^l0^i020783
945    ^p300^l0^i014067
945    ^p300^l0^i020782
995    ทศพร
999 ^a ใช้งานได้ทุกระบบ
รายการนี้ยังไม่มีแท็ก
คุณยังไม่ได้ล็อกอิน คุณสามารถมีกิจกรรมร่วมกับเว็บไซต์ได้ แต่ต้องล็อกอินก่อน ::
  ล็อกอิน

รายการสื่อสารสนเทศ

ลำดับที่ ประเภท เลขเรียก/บาร์โค้ด สถานที่ สถานะ
- ไม่พบข้อมูล -

รายการใกล้เคียง
    หัวเรื่อง [เต้านม, เนื้องอก]

BibComment


ยังไม่เคยถูกคอมเมนท์

คอมเมนท์ทรัพยากรรายการนี้
  คอมเมนท์: มะเร็งเต้านม Bre..


 Copyright 2026. Bcnsprnw @Library